[Event "Julius Baer Rapid Div 3 L"]
[Site "chess.com INT"]
[Date "2023.08.30"]
[Round "1.1"]
[White "Meier, Georg"]
[Black "Daneshvar, Bardiya"]
[Result "1-0"]
[WhiteTitle "GM"]
[BlackTitle "GM"]
[WhiteElo "2628"]
[BlackElo "2581"]
[WhiteFideId "4675789"]
[BlackFideId "12576468"]
[EventDate "2023.08.30"]
[EventType "k.o."]

1. d4 Nf6 2. Bf4 c5 3. e3 Nd5 4. Bg3 Qb6 5. b3 cxd4 6. exd4 g6 7. Nf3 Bg7 8. c4
Nf6 9. Nc3 d6 10. Be2 Nh5 11. Nd5 Qa5+ 12. b4 Qd8 13. Bh4 f6 14. Qd2 e6 15. Nc3
Bf8 16. O-O Ng7 17. Rfe1 Be7 18. Bg3 O-O 19. h3 f5 20. c5 dxc5 21. bxc5 Kh8 22.
Rad1 Nc6 23. d5 exd5 24. Nxd5 Bxc5 25. Qc1 Qa5 26. Nc7 f4 27. Bxf4 Ba3 28. Qc4
Rb8 29. Rd5 Qb4 30. Bd2 Qe7 31. Rd3 Bf5 32. Re3 Qc5 33. Qh4 Bb2 34. Ng5 h5 35.
Nce6 Nxe6 36. Nxe6 Bxe6 37. Rxe6 Bd4 38. Bf3 Qc2 39. Bh6 Bg7 40. Bxg7+ Kxg7 41.
Be4 1-0

[Event "Julius Baer Rapid Div 3 L"]
[Site "chess.com INT"]
[Date "2023.08.30"]
[Round "1.1"]
[White "Andreikin, Dmitry"]
[Black "Kovalenko, Igor"]
[Result "1-0"]
[WhiteTitle "GM"]
[BlackTitle "GM"]
[WhiteElo "2729"]
[BlackElo "2674"]
[WhiteFideId "4158814"]
[BlackFideId "14117908"]
[EventDate "2023.08.30"]
[EventType "k.o."]

1. d4 Nf6 2. c4 e6 3. Nf3 b6 4. g3 Ba6 5. Nbd2 Be7 6. Bg2 d5 7. cxd5 exd5 8. O-O
O-O 9. Ne5 c5 10. dxc5 bxc5 11. b3 Re8 12. Bb2 Bd6 13. Nxf7 Kxf7 14. Bxf6 Kxf6
15. Bxd5 Bxe2 16. Qc2 Bxf1 17. Rxf1 Na6 18. Ne4+ Rxe4 19. Qxe4 Nc7 20. Qf3+ Kg6
21. Bf7+ 1-0

[Event "Julius Baer Rapid Div 3 L"]
[Site "chess.com INT"]
[Date "2023.08.30"]
[Round "1.1"]
[White "Hakobyan, Aram"]
[Black "Gledura, Benjamin"]
[Result "0-1"]
[WhiteTitle "GM"]
[BlackTitle "GM"]
[WhiteElo "2617"]
[BlackElo "2633"]
[WhiteFideId "13306677"]
[BlackFideId "712779"]
[EventDate "2023.08.30"]
[EventType "k.o."]

1. e4 e5 2. Nf3 Nc6 3. Bc4 Nf6 4. d3 Be7 5. O-O O-O 6. Re1 d6 7. c3 h6 8. Bb3
Re8 9. Nbd2 Bf8 10. Nf1 Be6 11. Ba4 Rb8 12. Ng3 b5 13. Bc2 b4 14. Ba4 Bd7 15. d4
bxc3 16. bxc3 Qc8 17. h3 Qa6 18. Bc2 exd4 19. cxd4 Nb4 20. Bb1 Ba4 21. Qd2 c5
22. d5 c4 23. Bb2 Nd7 24. Bc3 Nd3 25. Bxd3 cxd3 26. Re3 Nc5 27. Nd4 Bd7 28. Rae1
Qc4 29. Nh5 Re5 30. Nf4 Rc8 31. Ba1 Nxe4 32. Qxd3 Nf6 33. Nde2 Rxe3 34. Qxe3
Nxd5 35. Qxa7 Nxf4 36. Nxf4 Qxf4 37. Qxd7 Rc2 38. Qa7 Qd2 39. Rf1 Rxa2 40. Qb8
Rc2 41. Qb1 d5 42. Bd4 Qe2 43. Re1 Qc4 44. Qd1 Qc6 45. Qa1 Rc4 46. Qd1 Bb4 47.
Rf1 Bc5 48. Bxc5 Qxc5 49. Qh5 Rc1 50. g3 Rxf1+ 51. Kxf1 Qc4+ 52. Kg1 Qe4 53. Qd1
g6 54. Qc1 h5 55. Qc8+ Kg7 56. Qb7 Qf5 57. Qb2+ Qf6 58. Qd2 Qe5 59. h4 d4 60.
Qd3 Kf6 61. Kf1 Ke6 62. Qa6+ Qd6 63. Qc4+ Qd5 64. Qa6+ Kf5 65. Qc8+ Kf6 66. Qa6+
Kg7 67. Qd3 Kf6 68. Qa6+ Kf5 69. Qc8+ Ke4 70. Qe8+ Qe6 71. Qa8+ Qd5 72. Qe8+ Kd3
73. Qe2+ Kc3 74. Qe1+ Kc4 75. Qc1+ Kb5 76. Qb2+ Kc6 77. Qc2+ Kb6 78. Ke1 Kb5 79.
Qb2+ Kc5 80. Qa3+ Kc6 81. Qa8+ Kd6 82. Qd8+ Ke6 83. Qe8+ Kf5 84. Qa4 Qe4+ 85.
Kd2 Kg4 86. Qd1+ Qf3 87. Qf1 d3 88. Kc3 Qe2 89. Qg2 d2 90. Qd5 d1=Q 91. f3+ Kxg3 0-1

[Event "Julius Baer Rapid Div 3 L"]
[Site "chess.com INT"]
[Date "2023.08.30"]
[Round "1.1"]
[White "Theodorou, Nikolas"]
[Black "Ivic, Velimir"]
[Result "1-0"]
[WhiteTitle "GM"]
[BlackTitle "GM"]
[WhiteElo "2604"]
[BlackElo "2561"]
[WhiteFideId "4262875"]
[BlackFideId "950122"]
[EventDate "2023.08.30"]
[EventType "k.o."]

1. Nf3 Nf6 2. g3 g6 3. Bg2 Bg7 4. O-O O-O 5. b3 d6 6. d4 b5 7. Qd3 b4 8. c4 bxc3
9. Nxc3 Bb7 10. e4 Nbd7 11. Bb2 e5 12. Rfe1 exd4 13. Nxd4 Re8 14. Rad1 Nc5 15.
Qc2 Nfd7 16. h3 a5 17. Ndb5 Qb8 18. Kh2 h5 19. f4 h4 20. gxh4 Ne6 21. Rf1 Ba6
22. a4 c6 23. f5 Nec5 24. fxg6 fxg6 25. e5 Nxe5 26. Nd5 cxb5 27. Nf6+ Bxf6 28.
Rxf6 Ra7 29. Rxg6+ Nxg6 30. Qxg6+ Kf8 31. Rf1+ Ke7 32. Re1+ Kd7 33. Qf7+ 1-0

[Event "Julius Baer Rapid Div 3 L"]
[Site "chess.com INT"]
[Date "2023.08.30"]
[Round "1.1"]
[White "Pichot, Alan"]
[Black "Sargsyan, Shant"]
[Result "1/2-1/2"]
[WhiteTitle "GM"]
[BlackTitle "GM"]
[WhiteElo "2648"]
[BlackElo "2631"]
[WhiteFideId "110973"]
[BlackFideId "13306766"]
[EventDate "2023.08.30"]
[EventType "k.o."]

1. e4 e5 2. Nf3 Nc6 3. Bb5 a6 4. Ba4 Nf6 5. O-O Be7 6. Re1 b5 7. Bb3 O-O 8. a4
Bb7 9. d3 d6 10. Nbd2 Nd7 11. c3 Nc5 12. axb5 axb5 13. Rxa8 Qxa8 14. Bc2 b4 15.
Nf1 bxc3 16. bxc3 Qa1 17. d4 Nd7 18. Bd2 Qxd1 19. Rxd1 Ra8 1/2-1/2

[Event "Julius Baer Rapid Div 3 L"]
[Site "chess.com INT"]
[Date "2023.08.30"]
[Round "1.1"]
[White "Bluebaum, Matthias"]
[Black "Maghsoodloo, Parham"]
[Result "1-0"]
[WhiteTitle "GM"]
[BlackTitle "GM"]
[WhiteElo "2670"]
[BlackElo "2707"]
[WhiteFideId "24651516"]
[BlackFideId "12539929"]
[EventDate "2023.08.30"]
[EventType "k.o."]

1. d4 Nf6 2. c4 e6 3. Nc3 Bb4 4. e3 O-O 5. Bd2 b6 6. Nf3 Bb7 7. Bd3 c5 8. a3
Bxc3 9. Bxc3 cxd4 10. Nxd4 d5 11. O-O Nbd7 12. Be2 dxc4 13. Bxc4 Nd5 14. Bd2 Rc8
15. Be2 Nc5 16. Rc1 Ne4 17. Rxc8 Qxc8 18. Bf3 Ndf6 19. Bb4 Rd8 20. Qc1 Qa8 21.
Rd1 Rc8 22. Qb1 h6 23. h3 a6 24. Rc1 a5 25. Be1 Nd6 26. Rxc8+ Qxc8 27. Bxb7 Qxb7
28. Qc2 Qd7 29. a4 Nfe4 30. b4 axb4 31. Bxb4 Nf6 32. Qc6 Qxc6 33. Nxc6 Nc4 34.
Bc3 Nd5 35. Bd4 f6 36. e4 Nf4 37. Kf1 e5 38. Be3 Nxe3+ 39. fxe3 Nd3 40. Ne7+ Kf7
41. Nd5 Ke6 42. Nxb6 Kd6 43. Ke2 Nc5 44. a5 Kc6 45. Nc4 Kb5 46. Nd6+ Kxa5 47.
Kf3 Kb4 48. Ne8 Ne6 49. Kg4 Kc3 50. Kf5 Nd4+ 51. exd4 exd4 52. e5 fxe5 53. Kxe5
d3 54. Nd6 d2 55. Ne4+ Kd3 56. Nxd2 Kxd2 57. Kf5 Ke3 58. Kg6 Kf2 59. Kxg7 Kxg2
60. h4 h5 61. Kg6 1-0

[Event "Julius Baer Rapid Div 3 L"]
[Site "chess.com INT"]
[Date "2023.08.30"]
[Round "1.2"]
[White "Sargsyan, Shant"]
[Black "Pichot, Alan"]
[Result "1/2-1/2"]
[WhiteTitle "GM"]
[BlackTitle "GM"]
[WhiteElo "2631"]
[BlackElo "2648"]
[WhiteFideId "13306766"]
[BlackFideId "110973"]
[EventDate "2023.08.30"]
[EventType "k.o."]

1. d4 Nf6 2. c4 e6 3. Bg5 d5 4. cxd5 exd5 5. Nc3 c6 6. e3 h6 7. Bh4 Be7 8. Bd3
O-O 9. Bg3 Re8 10. h3 Nbd7 11. Nf3 Nf8 12. Qc2 Bd6 13. Bxd6 Qxd6 14. Ne5 a6 15.
f4 c5 16. g4 cxd4 17. exd4 Ne6 18. Qf2 b5 19. O-O Bb7 20. Rae1 Rad8 21. Qe3 1/2-1/2

[Event "Julius Baer Rapid Div 3 L"]
[Site "chess.com INT"]
[Date "2023.08.30"]
[Round "1.2"]
[White "Ivic, Velimir"]
[Black "Theodorou, Nikolas"]
[Result "0-1"]
[WhiteTitle "GM"]
[BlackTitle "GM"]
[WhiteElo "2561"]
[BlackElo "2604"]
[WhiteFideId "950122"]
[BlackFideId "4262875"]
[EventDate "2023.08.30"]
[EventType "k.o."]

1. e4 e5 2. Nf3 Nc6 3. Bb5 a6 4. Ba4 d6 5. O-O Bd7 6. c4 g6 7. Re1 Bg7 8. Bxc6
bxc6 9. d4 exd4 10. Nxd4 Ne7 11. Nc3 O-O 12. Bf4 c5 13. Nc2 Rb8 14. Rb1 Rxb2 15.
Rxb2 Bxc3 16. Rb3 Bxe1 17. Qxe1 Nc6 18. Rg3 Re8 19. Bg5 f6 20. Bh6 Qe7 21. h4
Qe5 22. f3 Kf7 23. Ne3 Qh5 24. Bf4 Qxh4 25. Nd5 Nb4 26. Qd2 Nxd5 27. Qxd5+ Be6
28. Qd2 g5 29. Rxg5 fxg5 30. Bxg5 Qg3 0-1

[Event "Julius Baer Rapid Div 3 L"]
[Site "chess.com INT"]
[Date "2023.08.30"]
[Round "1.2"]
[White "Kovalenko, Igor"]
[Black "Andreikin, Dmitry"]
[Result "1/2-1/2"]
[WhiteTitle "GM"]
[BlackTitle "GM"]
[WhiteElo "2674"]
[BlackElo "2729"]
[WhiteFideId "14117908"]
[BlackFideId "4158814"]
[EventDate "2023.08.30"]
[EventType "k.o."]

1. c4 e6 2. Nf3 d5 3. g3 Nf6 4. Bg2 Be7 5. O-O O-O 6. d4 dxc4 7. Qc2 b5 8. a4
Bb7 9. axb5 a6 10. bxa6 Nxa6 11. Qxc4 Bd5 12. Qd3 Nb4 13. Rxa8 Qxa8 14. Qd1 Na2
15. Bf4 c5 16. Nc3 Nxc3 17. bxc3 Ne4 18. Qd3 cxd4 19. cxd4 Rc8 20. h4 h6 21. Rb1
Qa2 22. Ne5 f5 23. Bf3 Kh7 24. h5 Rc3 25. Bxe4 Bxe4 26. Qxc3 Qxb1+ 27. Bc1 Bg5
28. f4 Bf6 29. Ng6 Bb7 30. Kf2 Qe4 31. Be3 Qg2+ 32. Ke1 Ba6 33. Qb2 Qh1+ 34. Kf2
Qh2+ 35. Kf1 Qh3+ 36. Kf2 Qh2+ 37. Kf1 Qh3+ 38. Kf2 Qh2+ 1/2-1/2

[Event "Julius Baer Rapid Div 3 L"]
[Site "chess.com INT"]
[Date "2023.08.30"]
[Round "1.2"]
[White "Daneshvar, Bardiya"]
[Black "Meier, Georg"]
[Result "0-1"]
[WhiteTitle "GM"]
[BlackTitle "GM"]
[WhiteElo "2581"]
[BlackElo "2628"]
[WhiteFideId "12576468"]
[BlackFideId "4675789"]
[EventDate "2023.08.30"]
[EventType "k.o."]

1. c4 b6 2. d4 e6 3. Nc3 Bb4 4. e4 Bb7 5. f3 Ne7 6. Bd3 e5 7. dxe5 Nbc6 8. f4 d6
9. exd6 Qxd6 10. e5 Qd7 11. Be4 Qxd1+ 12. Kxd1 O-O-O+ 13. Ke1 Bxc3+ 14. bxc3 Na5
15. Bxb7+ Kxb7 16. c5 Nc4 17. cxb6 axb6 18. Ne2 h5 19. Rf1 Nf5 20. Rf3 h4 21.
Rb1 c5 22. Rh3 Kc6 23. a3 g6 24. Ng1 Ra8 25. Ra1 b5 26. Nf3 Nce3 27. Ke2 Nd5 28.
Ng5 f6 29. exf6 Rhe8+ 30. Kf1 Nxf6 31. Nf3 Ng4 32. Nxh4 Rad8 33. Bb2 Rd2 0-1

[Event "Julius Baer Rapid Div 3 L"]
[Site "chess.com INT"]
[Date "2023.08.30"]
[Round "1.2"]
[White "Gledura, Benjamin"]
[Black "Hakobyan, Aram"]
[Result "1/2-1/2"]
[WhiteTitle "GM"]
[BlackTitle "GM"]
[WhiteElo "2633"]
[BlackElo "2617"]
[WhiteFideId "712779"]
[BlackFideId "13306677"]
[EventDate "2023.08.30"]
[EventType "k.o."]

1. e4 c5 2. Nf3 Nc6 3. d4 cxd4 4. Nxd4 Qb6 5. Nb3 Nf6 6. Nc3 e6 7. Bd3 a6 8. O-O
Be7 9. Qe2 d6 10. Be3 Qc7 11. a4 b6 12. f4 Bb7 13. Nd4 O-O 14. Kh1 Nb4 15. Rf3
Rac8 16. Rg3 d5 17. e5 Ne4 18. Bxe4 dxe4 19. Qh5 Rfd8 20. Rh3 h6 21. Rg3 Rxd4
22. Bxd4 Nxc2 23. Rd1 Nxd4 24. Rxd4 Qc5 25. Qxh6 Bf8 26. Rd1 Qf2 27. Qh5 Rd8 28.
Rxg7+ Kxg7 29. Qg5+ Kh7 30. Qh5+ Kg7 31. Qg5+ Kh7 32. Qh5+ Kg7 1/2-1/2

[Event "Julius Baer Rapid Div 3 L"]
[Site "chess.com INT"]
[Date "2023.08.30"]
[Round "1.2"]
[White "Maghsoodloo, Parham"]
[Black "Bluebaum, Matthias"]
[Result "1/2-1/2"]
[WhiteTitle "GM"]
[BlackTitle "GM"]
[WhiteElo "2707"]
[BlackElo "2670"]
[WhiteFideId "12539929"]
[BlackFideId "24651516"]
[EventDate "2023.08.30"]
[EventType "k.o."]

1. e4 e6 2. d4 d5 3. e5 c5 4. c3 Nc6 5. Nf3 Nge7 6. Be2 cxd4 7. cxd4 Nf5 8. Nc3
Qb6 9. Na4 Qa5+ 10. Bd2 Bb4 11. Nc3 Nfxd4 12. Nxd4 Nxd4 13. Bd3 Nc6 14. O-O Nxe5
15. a3 Be7 16. Bb5+ Bd7 17. Nxd5 Qd8 18. Bxd7+ Qxd7 19. Nxe7 Rd8 20. Bb4 Nd3 21.
Qg4 Nxb4 22. Nf5 g6 23. Ng7+ Kf8 24. Nxe6+ Qxe6 25. Qxb4+ Kg7 26. Qxb7 Rb8 27.
Qxa7 Rxb2 28. a4 Rd8 29. a5 Rdd2 30. h3 Qf6 31. Ra3 Ra2 32. Rf3 Qe6 33. Qc7 Rdc2
34. Qa7 Qd5 35. h4 h5 36. Rf4 Rc4 37. Rxc4 Qxc4 38. Qb6 Qxh4 39. Re1 Qf6 40. Rb1
h4 41. Qc5 Qf5 42. Qxf5 gxf5 43. Rb5 Kg6 44. Rb6+ Kg5 45. a6 Ra1+ 46. Kh2 Ra2
47. f3 Ra1 48. Rc6 Kh5 49. g3 Ra3 50. Kg2 Ra2+ 51. Kh3 Ra3 52. Rc5 hxg3 53.
Rxf5+ Kg6 54. Rf4 Rxa6 55. Kxg3 f6 56. Rg4+ Kf7 57. Rf4 Kg6 58. Rg4+ Kf7 59. Rf4
Kg6 1/2-1/2

[Event "Julius Baer Rapid Div 3 L"]
[Site "chess.com INT"]
[Date "2023.08.30"]
[Round "1.3"]
[White "Pichot, Alan"]
[Black "Sargsyan, Shant"]
[Result "0-1"]
[WhiteTitle "GM"]
[BlackTitle "GM"]
[WhiteElo "2648"]
[BlackElo "2631"]
[WhiteFideId "110973"]
[BlackFideId "13306766"]
[EventDate "2023.08.30"]
[EventType "k.o."]

1. e4 e5 2. Nf3 Nc6 3. Bb5 a6 4. Ba4 Nf6 5. O-O Be7 6. d3 b5 7. Bb3 d6 8. c3 O-O
9. Re1 Na5 10. Bc2 c5 11. Nbd2 Nc6 12. Nf1 Re8 13. Ng3 h6 14. h3 Bf8 15. Nh2 d5
16. Qf3 d4 17. Ng4 Nxg4 18. hxg4 Be6 19. Nf5 dxc3 20. bxc3 b4 21. Ba4 Bd7 22.
Bb3 Be6 23. Bd5 Rc8 24. Bd2 bxc3 25. Bxc3 Nd4 26. Bxd4 cxd4 27. Rac1 Rxc1 28.
Rxc1 g6 29. Ng3 Qg5 30. Rc6 Kg7 31. Bxe6 Rxe6 32. Rxe6 Qc1+ 33. Nf1 fxe6 34. Qg3
Bd6 35. Qh4 Qa3 36. Qd8 Be7 37. Qe8 a5 38. g3 a4 39. Nd2 Bg5 40. Nc4 Qe7 41.
Qxa4 Bf6 42. Qb5 h5 43. gxh5 gxh5 44. a4 h4 45. a5 hxg3 46. a6 gxf2+ 47. Kxf2
Kh6 48. Nxe5 Bh4+ 49. Ke2 Qa3 50. Ng4+ Kg6 51. Kf3 Qf8+ 52. Kg2 Qf4 53. Qe8+ Kg7
54. Qd7+ Kf8 55. Qc8+ Kg7 56. Qd7+ Kf8 0-1

[Event "Julius Baer Rapid Div 3 L"]
[Site "chess.com INT"]
[Date "2023.08.31"]
[Round "2.1"]
[White "Lupulescu, Constantin"]
[Black "Meier, Georg"]
[Result "1/2-1/2"]
[WhiteTitle "GM"]
[BlackTitle "GM"]
[WhiteElo "2581"]
[BlackElo "2628"]
[WhiteFideId "1207822"]
[BlackFideId "4675789"]
[EventDate "2023.08.30"]
[EventType "k.o."]

1. c4 e6 2. Nc3 d5 3. d4 Be7 4. cxd5 exd5 5. Bf4 c6 6. e3 Bf5 7. Nge2 Nf6 8. Ng3
Bg6 9. h4 h5 10. Be2 Nbd7 11. Bg5 Ne4 12. Ngxe4 dxe4 13. Bxe7 Qxe7 14. Qb3 Nf6
15. O-O-O O-O 16. d5 cxd5 17. Nxd5 Nxd5 18. Rxd5 Rfd8 19. Rhd1 Qxh4 20. Rxd8+
Rxd8 21. Rxd8+ Qxd8 22. Qxb7 Qf6 23. f4 exf3 24. Bxf3 Qf5 25. e4 Qf4+ 26. Kd1 h4
27. Ke2 Qe5 28. Qxa7 Qxb2+ 29. Ke3 Qc1+ 30. Ke2 f6 31. Qb8+ Kh7 32. Qh2 Qg5 33.
g3 Qb5+ 34. Kf2 Qb2+ 35. Be2 Qd4+ 36. Kf1 Bxe4 37. Qxh4+ Kg8 38. Qf4 g5 39. Qb8+
Kg7 40. Qc7+ Kh6 41. Qe7 Qa1+ 42. Kf2 Qd4+ 43. Kf1 Qa1+ 44. Kf2 Qd4+ 45. Kf1 1/2-1/2

[Event "Julius Baer Rapid Div 3 L"]
[Site "chess.com INT"]
[Date "2023.08.31"]
[Round "2.1"]
[White "Flores, Diego"]
[Black "Bortnyk, Olexandr"]
[Result "1/2-1/2"]
[WhiteTitle "GM"]
[BlackTitle "GM"]
[WhiteElo "2534"]
[BlackElo "2608"]
[WhiteFideId "108049"]
[BlackFideId "14120828"]
[EventDate "2023.08.30"]
[EventType "k.o."]

1. Nf3 Nf6 2. c4 d6 3. Nc3 g6 4. d4 Bg7 5. e4 O-O 6. Be2 Nbd7 7. O-O e5 8. Be3
Qe7 9. d5 c5 10. Ne1 Ne8 11. Nd3 f5 12. exf5 gxf5 13. f4 e4 14. Nf2 Nc7 15. Kh1
Nf6 16. Rg1 Kh8 17. h3 b5 18. cxb5 Bb7 19. Bc4 Qf7 20. Qb3 Qh5 21. a4 Ng4 22.
Nxg4 fxg4 23. Be2 Bxd5 24. Qd1 Qf7 25. Bxg4 Rad8 26. Qd2 Rfe8 27. a5 Bc4 28. b6
axb6 29. axb6 Na6 30. Be2 Bxe2 31. Qxe2 Nb4 32. Ra7 Qg6 33. Rga1 d5 34. Bxc5 Nc6
35. Rc7 d4 36. f5 Qg3 37. Nxe4 Rxe4 38. Rxg7 Qe5 39. Rxh7+ Kxh7 40. Qh5+ Kg8 41.
Qg6+ Kh8 42. Qh6+ Kg8 43. Qg6+ Kh8 44. Qh6+ Kg8 45. Qg6+ 1/2-1/2

[Event "Julius Baer Rapid Div 3 L"]
[Site "chess.com INT"]
[Date "2023.08.31"]
[Round "2.1"]
[White "Ter-Sahakyan, Samvel"]
[Black "Andreikin, Dmitry"]
[Result "0-1"]
[WhiteTitle "GM"]
[BlackTitle "GM"]
[WhiteElo "2614"]
[BlackElo "2729"]
[WhiteFideId "13302531"]
[BlackFideId "4158814"]
[EventDate "2023.08.30"]
[EventType "k.o."]

1. e4 e5 2. Nf3 Nc6 3. Bb5 a6 4. Ba4 g6 5. c3 d6 6. d4 Bd7 7. O-O Bg7 8. h3 Nf6
9. Bc2 O-O 10. Be3 Re8 11. Nbd2 exd4 12. cxd4 Nb4 13. Re1 Nxc2 14. Qxc2 h6 15.
Bf4 Rc8 16. Rad1 b5 17. Bh2 a5 18. a3 a4 19. e5 Bf5 20. Qc6 Qd7 21. Qc1 Nd5 22.
Ne4 Bxe4 23. Rxe4 f5 24. Re2 g5 25. h4 f4 26. hxg5 hxg5 27. Nxg5 Qg4 28. Nf3 c6
29. Qc2 Re6 30. exd6 Rxd6 31. Ne5 Bxe5 32. Rxe5 Rh6 33. Qe2 Qh4 0-1

[Event "Julius Baer Rapid Div 3 L"]
[Site "chess.com INT"]
[Date "2023.08.31"]
[Round "2.1"]
[White "Kramnik, Vladimir"]
[Black "Gledura, Benjamin"]
[Result "1-0"]
[WhiteTitle "GM"]
[BlackTitle "GM"]
[WhiteElo "2753"]
[BlackElo "2633"]
[WhiteFideId "4101588"]
[BlackFideId "712779"]
[EventDate "2023.08.30"]
[EventType "k.o."]

1. e4 e5 2. Nf3 Nc6 3. Bc4 Nf6 4. d3 Bc5 5. O-O d6 6. c3 Bb6 7. a4 O-O 8. Nbd2
a5 9. Bb3 Be6 10. Nc4 Ba7 11. Bg5 h6 12. Bh4 Kh8 13. Ne3 Rg8 14. Nf5 Bxf5 15.
exf5 Qd7 16. Bxf6 gxf6 17. Nh4 Rg5 18. Qf3 Rag8 19. Kh1 R8g7 20. g3 Bb6 21. Rae1
Ne7 22. Qxb7 Nxf5 23. Nxf5 Qxf5 24. Qe4 Qh3 25. Qa8+ Rg8 26. Qg2 Qd7 27. Bd5
Qxa4 28. Bxf7 Rf8 29. Bd5 Qg4 30. Re4 Qd7 31. f4 exf4 32. Rexf4 Qg7 33. Qf3 Ba7
34. Bc6 Bb6 35. d4 Ba7 36. Rxf6 Rxf6 37. Qxf6 Qxf6 38. Rxf6 Kg7 39. Rf2 Bb6 40.
Kg2 Rg6 41. Re2 Rf6 42. h4 Rf7 43. Kh3 Kf8 44. Kg4 Kg7 45. Bd5 Rf6 46. Bc6 Rf7
47. Kh3 Rf6 48. g4 Rf1 49. Kg2 Rf7 50. Kg3 Rf1 51. g5 hxg5 52. hxg5 Rg1+ 53. Kh4
Rf1 54. Kh5 Rf4 55. Re7+ Kf8 56. Rd7 1-0

[Event "Julius Baer Rapid Div 3 L"]
[Site "chess.com INT"]
[Date "2023.08.31"]
[Round "2.1"]
[White "Aradhya, Garg"]
[Black "Theodorou, Nikolas"]
[Result "1/2-1/2"]
[WhiteTitle "FM"]
[BlackTitle "GM"]
[WhiteElo "2344"]
[BlackElo "2604"]
[WhiteFideId "25006746"]
[BlackFideId "4262875"]
[EventDate "2023.08.30"]
[EventType "k.o."]

1. d4 Nf6 2. Nf3 g6 3. g3 Bg7 4. Bg2 d5 5. O-O O-O 6. c4 c6 7. a4 a5 8. Na3 dxc4
9. Nxc4 Be6 10. b3 Na6 11. Ba3 Nb4 12. Nfe5 Nfd5 13. Rc1 Na2 14. Rc2 Nab4 15.
Rc1 Na2 16. Rc2 Nab4 17. Rc1 1/2-1/2

[Event "Julius Baer Rapid Div 3 L"]
[Site "chess.com INT"]
[Date "2023.08.31"]
[Round "2.1"]
[White "Santos Latasa, Jaime"]
[Black "Bluebaum, Matthias"]
[Result "1/2-1/2"]
[WhiteTitle "GM"]
[BlackTitle "GM"]
[WhiteElo "2647"]
[BlackElo "2670"]
[WhiteFideId "2293307"]
[BlackFideId "24651516"]
[EventDate "2023.08.30"]
[EventType "k.o."]

1. c4 e6 2. Nc3 d5 3. d4 Nf6 4. Bg5 Be7 5. e3 O-O 6. Nf3 h6 7. Bh4 c5 8. dxc5
dxc4 9. Qxd8 Rxd8 10. Bxc4 Bxc5 11. Rc1 Nc6 12. Ke2 Bd7 13. Rhd1 Be8 14. Rxd8
Rxd8 15. a3 Be7 16. h3 Nh5 17. Bxe7 Nxe7 18. Ne5 Nc6 19. Nd3 Nf6 20. b4 Ne7 21.
g4 Rc8 22. Bb3 Kf8 23. f3 b6 24. h4 g5 25. hxg5 hxg5 26. e4 Ng6 27. Ke3 Nd7 28.
Nb5 Rxc1 29. Nxc1 a5 30. Nd3 axb4 31. axb4 Nde5 32. Nxe5 Nxe5 33. Nd6 Bd7 34.
Nc4 Nxc4+ 35. Bxc4 e5 36. Kd3 Ke7 37. Kc3 f6 38. Be2 Kd6 39. Kb2 b5 40. Kc3 Be8
41. Kb2 Bd7 42. Kc3 Be8 43. Kb2 Bd7 1/2-1/2

[Event "Julius Baer Rapid Div 3 L"]
[Site "chess.com INT"]
[Date "2023.08.31"]
[Round "2.1"]
[White "Vokhidov, Shamsiddin"]
[Black "Kuzubov, Yuriy"]
[Result "0-1"]
[WhiteTitle "GM"]
[BlackTitle "GM"]
[WhiteElo "2578"]
[BlackElo "2625"]
[WhiteFideId "14204223"]
[BlackFideId "14112906"]
[EventDate "2023.08.30"]
[EventType "k.o."]

1. e4 e5 2. Nf3 Nc6 3. Bb5 Nf6 4. d3 d6 5. O-O a6 6. Bxc6+ bxc6 7. Re1 a5 8. d4
Nd7 9. b3 a4 10. Bb2 f6 11. Nc3 a3 12. Bc1 c5 13. d5 g6 14. Nb1 Bg7 15. Nxa3 O-O
16. Nb5 h6 17. Nh4 Ba6 18. c4 Bxb5 19. cxb5 Kh7 20. Qg4 Qe8 21. Nxg6 Qxg6 22.
Qxd7 f5 23. Qxc7 Rf7 24. Qc6 Rg8 25. exf5 Qxf5 26. Be3 Bf8 27. g3 h5 28. b6 Bh6
29. Rf1 Qf3 30. Qxd6 Bxe3 31. fxe3 Rxg3+ 32. hxg3 Qxg3+ 33. Kh1 Qh3+ 34. Kg1
Rg7+ 35. Kf2 Rg2+ 36. Ke1 Qxe3+ 37. Kd1 Qd2# 0-1

[Event "Julius Baer Rapid Div 3 L"]
[Site "chess.com INT"]
[Date "2023.08.31"]
[Round "2.1"]
[White "Makarian, Rudik"]
[Black "Sargsyan, Shant"]
[Result "1/2-1/2"]
[WhiteTitle "IM"]
[BlackTitle "GM"]
[WhiteElo "2548"]
[BlackElo "2631"]
[WhiteFideId "44105681"]
[BlackFideId "13306766"]
[EventDate "2023.08.30"]
[EventType "k.o."]

1. d4 d5 2. c4 e6 3. Nf3 Nf6 4. g3 Be7 5. Bg2 O-O 6. O-O dxc4 7. Qc2 a6 8. a4 b6
9. Qxc4 Bb7 10. Rd1 Nc6 11. Nc3 Nb4 12. Bf4 Nfd5 13. Nxd5 Nxd5 14. Rac1 Nxf4 15.
gxf4 Bd6 16. Ne5 Bxg2 17. Kxg2 Qh4 18. e3 Bxe5 19. dxe5 Qg4+ 20. Kf1 Qh3+ 21.
Kg1 Qg4+ 22. Kf1 c5 23. Rd6 Qh3+ 24. Kg1 Qg4+ 25. Kf1 Qh3+ 26. Kg1 Qg4+ 27. Kf1 1/2-1/2

[Event "Julius Baer Rapid Div 3 L"]
[Site "chess.com INT"]
[Date "2023.08.31"]
[Round "2.2"]
[White "Theodorou, Nikolas"]
[Black "Aradhya, Garg"]
[Result "1-0"]
[WhiteTitle "GM"]
[BlackTitle "FM"]
[WhiteElo "2604"]
[BlackElo "2344"]
[WhiteFideId "4262875"]
[BlackFideId "25006746"]
[EventDate "2023.08.30"]
[EventType "k.o."]

1. Nf3 Nf6 2. g3 g6 3. Bg2 Bg7 4. O-O O-O 5. c4 c6 6. b3 Ne4 7. d4 d5 8. Bb2 Bf5
9. Ne5 Nd7 10. cxd5 Nxe5 11. dxe5 Qxd5 12. g4 Bxg4 13. Qxd5 cxd5 14. f3 Bh6 15.
fxe4 Rac8 16. Na3 dxe4 17. Bxe4 Bxe2 18. Rfe1 Ba6 19. Rad1 e6 20. Rd7 Rfd8 21.
Red1 Rxd7 22. Rxd7 Bc1 23. Bxc1 Rxc1+ 24. Kf2 Rf1+ 25. Kg3 Ra1 26. Bb1 Be2 27.
Rxb7 a6 28. h4 h6 29. Rd7 g5 30. hxg5 hxg5 31. Rd2 Bh5 32. Rb2 Bg6 33. Kg4 a5
34. Kxg5 Bxb1 35. Nxb1 Kg7 36. a3 f5 37. exf6+ Kf7 38. a4 e5 39. Kf5 e4 40. Kxe4
Kxf6 41. Kd3 Ke5 42. Kc3 Kf4 43. Kc2 Kf3 44. Kc1 Ke3 45. Rh2 Kd3 46. Kb2 1-0